000 01051nam a22003257a 4500
005 20130425171508.0
008 040501s2004 ii b 001 0 eng
010 _aENG-95836
020 _a9780198065760
_c445.00
035 _aEN-79369
037 _bDBAD/PUB
040 _aDPL
100 _aNandy, Ashis.
240 _aEssays.
245 _aBonfire of creeds :
_bthe essential Ashis Nandy /
_cAshis Nandy.
260 _aNew Delhi :
_bOxford University Press,
_c2010.
270 _a7, West patel Nagar
_bNew Delhi
_e110001
300 _aviii, 506 p. ;
_c23 cm.
500 _aIncludes bibliographical references and index.
520 _aWith reference to India.
650 _aScience
_xPolitical aspects.
650 _aNationalism.
650 _aGlobalization.
651 _aIndia
_xSocial conditions.
651 _aIndia
_xEconomic conditions.
651 _aIndia
_xPolitics and government.
651 _aIndia
_xCivilization.
942 _2ddc
_cEN
_mNAN
999 _c33631
_d33631